000 00839nam a2200277 a 4500
001 58453
003 BD-RjUL
005 20211209080625.0
008 161217s1952 nyua b 001 0 eng
035 _a(BD-RjUL)58577
040 _aDLC
_cDLC
_dBD-RjUL
_beng
041 _aeng
082 0 0 _a330
_223
_bREA 1952
245 0 0 _aReadings in economics /
_bPaul A. Samuelson, Robert L. Bishop and John R. Coleman
250 _a1st ed.
260 _aNew York :
_bMcGrow hill book company,
_c1952.
300 _axxi, 481 p. :
_bill. ;
_c23 cm.
500 _aIncludes index
650 0 _aEconomics.
_9170576
651 0 _aUnited States
_xEconomic conditions
_y1971-1981.
_9171794
700 _aSamuelson, Paul A.
_9173592
700 _aBishop, Robert L.
_9173600
700 _aColen, John R.
_9173593
942 _2ddc
_cBK
999 _c58453
_d58453